<?xml version="1.0" encoding="UTF-8"?>
<marc:record xmlns:marc="http://www.loc.gov/MARC21/slim">
   <marc:leader>00000nam a2200000 a 4500</marc:leader>
   <marc:datafield ind1=" " ind2=" " tag="653">
      <marc:subfield code="a">Chaos</marc:subfield>
   </marc:datafield>
   <marc:datafield ind1=" " ind2=" " tag="653">
      <marc:subfield code="a">Farm</marc:subfield>
   </marc:datafield>
   <marc:datafield ind1=" " ind2=" " tag="653">
      <marc:subfield code="a">Schafe</marc:subfield>
   </marc:datafield>
   <marc:datafield ind1="0" ind2="0" tag="245">
      <marc:subfield code="a">Shaun das Schaf</marc:subfield>
   </marc:datafield>
   <marc:datafield ind1="0" ind2="0" tag="245">
      <marc:subfield code="b">Best of ein Schaf - Die 10 besten Folgen der 1. Staffel</marc:subfield>
   </marc:datafield>
   <marc:datafield ind1=" " ind2="1" tag="264">
      <marc:subfield code="b">Concorde Home Entertainment</marc:subfield>
      <marc:subfield code="c">2011</marc:subfield>
   </marc:datafield>
   <marc:datafield ind1="1" ind2=" " tag="490">
      <marc:subfield code="a">Shaun das Schaf</marc:subfield>
   </marc:datafield>
   <marc:datafield ind1="1" ind2=" " tag="520">
      <marc:subfield code="a">Auf einem kleinen Bauernhof irgendwo im ländlichen England lebt Shaun, das Schaf. Shaun unterscheidet sich von den übrigen Schafen nicht nur durch seinen unverwechselbaren Wuschelkopf: Er ist auch das unternehmungslustige und intelligenteste Schaf weit und breit und somit der natürliche Anführer seiner Herde. So ist Shaun stets zur Stelle , wenn es auf dem Hof ein Problem zu lösen gilt. Weil Shaun jedoch noch jung und unerfahren ist, sorgt er bei seinen Aktionen unabsichtlich immer wieder für Chaos.</marc:subfield>
   </marc:datafield>
   <marc:datafield ind1="3" ind2=" " tag="024">
      <marc:subfield code="a">4010324028822</marc:subfield>
   </marc:datafield>
</marc:record>
